| 000 | 00802cab a2200229 4500 | ||
|---|---|---|---|
| 001 | X2876 | ||
| 008 | 090401t1995 xxu||||| |||| 00| 0 eng d | ||
| 035 | _a(Sirsi) u27004 | ||
| 041 | _aeng | ||
| 245 | _aEnergy labelling update | ||
| 260 | _c1995 | ||
| 350 | _a0 | ||
| 490 |
_aCSM (Chartered Surveyor Monthly) _v4(9) July/August 1995, 22; 5(1) September 1995, 66 |
||
| 520 | _aOutlines the themes of a seminar on energy labelling and highlights a database of energy labelling consultants and providers of the government`s standard assessment procedure home labelling system. | ||
| 650 | _aENERGY LABELLING | ||
| 650 | _aHESTIA | ||
| 650 | _aSTANDARD ASSESSMENT PROCEDURE | ||
| 650 | _aSTARPOINT | ||
| 690 | _aENVIRONMENTAL AND LAND CONSULTANCY-ENERGY | ||
| 942 | _n0 | ||
| 948 | _c04/03/1997 | ||
| 999 |
_c18191 _d18191 |
||